[Event "DEM U12w 2023"]
[Site "Willingen GER"]
[Date "2023.05.31"]
[Round "6"]
[White "Kovalskyy, Alicia"]
[Black "Ali, Maha"]
[Result "1-0"]
[Termination "normal"]
[Board "10"]
[WhiteElo "1496"]
[BlackElo "1403"]
[WhiteClock "00:05:27"]
[BlackClock "00:26:06"]
[PlyCount "139"]
[WhiteFideId "34612130"]
[BlackFideId "34626581"]
[EventCountry "GER"]
[EventRounds "9"]
[EventType "swiss"]
[EventDate "2023.05.27"]

1. e4 {[%clk 01:30:58]} {[%emt 00:00:01]} c6 {[%clk 01:30:51]} {[%emt
00:00:09]} 2. d4 {[%clk 01:31:25]} {[%emt 00:00:03]} d5 {[%clk 01:31:11]}
{[%emt 00:00:10]} 3. exd5 {[%clk 01:31:48]} {[%emt 00:00:07]} cxd5 {[%clk
01:31:31]} {[%emt 00:00:09]} 4. Bd3 {[%clk 01:32:12]} {[%emt 00:00:07]} Nc6
{[%clk 01:31:51]} {[%emt 00:00:10]} 5. c3 {[%clk 01:32:38]} {[%emt 00:00:04]}
Qc7 {[%clk 01:32:00]} {[%emt 00:00:20]} 6. Na3 {[%clk 01:33:00]} {[%emt
00:00:09]} a6 {[%clk 01:30:43]} {[%emt 00:01:48]} 7. Nc2 {[%clk 01:33:24]}
{[%emt 00:00:05]} Nf6 {[%clk 01:30:06]} {[%emt 00:01:06]} 8. h3 {[%clk
01:33:50]} {[%emt 00:00:05]} e6 {[%clk 01:28:04]} {[%emt 00:02:32]} 9. Nf3
{[%clk 01:33:53]} {[%emt 00:00:27]} Bd6 {[%clk 01:27:49]} {[%emt 00:00:44]} 10.
O-O {[%clk 01:33:24]} {[%emt 00:01:00]} h6 {[%clk 01:26:58]} {[%emt 00:01:22]}
11. Re1 {[%clk 01:32:44]} {[%emt 00:01:09]} O-O {[%clk 01:26:11]} {[%emt
00:01:17]} 12. Be3 {[%clk 01:27:28]} {[%emt 00:05:46]} b5 {[%clk 01:24:26]}
{[%emt 00:02:16]} 13. Qc1 {[%clk 01:12:06]} {[%emt 00:15:52]} Ne7 {[%clk
01:11:57]} {[%emt 00:12:58]} 14. Bd2 {[%clk 00:42:49]} {[%emt 00:29:47]} Nh5
{[%clk 00:58:19]} {[%emt 00:14:07]} 15. Bxh6 {[%clk 00:36:50]} {[%emt
00:06:29]} Nf4 {[%clk 00:53:30]} {[%emt 00:05:18]} 16. Bxf4 {[%clk 00:34:33]}
{[%emt 00:02:49]} Bxf4 {[%clk 00:49:01]} {[%emt 00:04:58]} 17. Ne3 {[%clk
00:32:47]} {[%emt 00:02:17]} Nf5 {[%clk 00:41:10]} {[%emt 00:08:21]} 18. Bxf5
{[%clk 00:32:14]} {[%emt 00:01:02]} exf5 {[%clk 00:41:14]} {[%emt 00:00:24]}
19. Nxd5 {[%clk 00:30:22]} {[%emt 00:02:25]} Bxc1 {[%clk 00:41:09]} {[%emt
00:00:35]} 20. Nxc7 {[%clk 00:30:44]} {[%emt 00:00:09]} Bxb2 {[%clk 00:41:25]}
{[%emt 00:00:13]} 21. Nxa8 {[%clk 00:28:26]} {[%emt 00:02:48]} Bxc3 {[%clk
00:40:45]} {[%emt 00:01:09]} 22. Nc7 {[%clk 00:27:21]} {[%emt 00:01:37]} Rd8
{[%clk 00:36:23]} {[%emt 00:04:50]} 23. Rac1 {[%clk 00:22:55]} {[%emt
00:04:58]} Bxe1 {[%clk 00:34:25]} {[%emt 00:02:28]} 24. Rxe1 {[%clk 00:21:45]}
{[%emt 00:01:39]} Bb7 {[%clk 00:33:35]} {[%emt 00:01:20]} 25. Re8+ {[%clk
00:13:27]} {[%emt 00:08:48]} Rxe8 {[%emt 00:00:43]} 26. Nxe8 {[%clk 00:13:50]}
{[%emt 00:00:02]} b4 {[%clk 00:31:50]} {[%emt 00:02:07]} 27. Nd2 {[%clk
00:11:33]} {[%emt 00:02:47]} Bd5 {[%clk 00:28:44]} {[%emt 00:03:36]} 28. Nb3
{[%clk 00:11:24]} {[%emt 00:00:40]} a5 {[%clk 00:28:39]} {[%emt 00:00:35]} 29.
Nxa5 {[%clk 00:10:53]} {[%emt 00:01:01]} Bxa2 {[%clk 00:28:57]} {[%emt
00:00:11]} 30. Nd6 {[%clk 00:11:07]} {[%emt 00:00:16]} g6 {[%clk 00:28:04]}
{[%emt 00:01:23]} 31. Nac4 {[%clk 00:11:05]} {[%emt 00:00:32]} Kf8 {[%clk
00:27:32]} {[%emt 00:01:01]} 32. Nb2 {[%clk 00:09:28]} {[%emt 00:02:08]} Ke7
{[%clk 00:26:41]} {[%emt 00:01:21]} 33. Ndc4 {[%clk 00:07:32]} {[%emt
00:02:26]} Ke6 {[%clk 00:25:23]} {[%emt 00:01:48]} 34. Ne3 {[%clk 00:06:18]}
{[%emt 00:01:45]} f4 {[%clk 00:25:02]} {[%emt 00:00:51]} 35. Nc2 {[%clk
00:06:37]} {[%emt 00:00:10]} b3 {[%clk 00:23:42]} {[%emt 00:01:50]} 36. Nb4
{[%clk 00:05:46]} {[%emt 00:01:21]} g5 {[%clk 00:22:12]} {[%emt 00:01:59]} 37.
Kf1 {[%clk 00:04:20]} {[%emt 00:01:57]} Kf5 {[%clk 00:21:13]} {[%emt 00:01:29]}
38. f3 {[%clk 00:04:36]} {[%emt 00:00:14]} Bb1 {[%clk 00:20:12]} {[%emt
00:01:31]} 39. Ke2 {[%clk 00:04:31]} {[%emt 00:00:33]} Ke6 {[%clk 00:20:01]}
{[%emt 00:00:43]} 40. N2d3 {[%clk 00:03:49]} {[%emt 00:01:12]} f6 {[%clk
00:19:28]} {[%emt 00:01:03]} 41. Kd2 {[%clk 00:03:08]} {[%emt 00:01:11]} Ba2
{[%clk 00:19:17]} {[%emt 00:00:40]} 42. Kc3 {[%clk 00:01:46]} {[%emt 00:01:52]}
b2 {[%clk 00:18:50]} {[%emt 00:00:57]} 43. Nxb2 {[%clk 00:00:42]} {[%emt
00:01:35]} Bd5 {[%clk 00:19:03]} {[%emt 00:00:16]} 44. Nxd5 {[%clk 00:01:01]}
{[%emt 00:00:11]} Kxd5 {[%clk 00:19:24]} {[%emt 00:00:09]} 45. Nd3 {[%clk
00:01:20]} {[%emt 00:00:12]} Kd6 {[%clk 00:19:34]} {[%emt 00:00:20]} 46. Kc4
{[%clk 00:01:07]} {[%emt 00:00:44]} Kc6 {[%clk 00:19:54]} {[%emt 00:00:09]} 47.
d5+ {[%clk 00:01:24]} {[%emt 00:00:14]} Kd6 {[%clk 00:20:17]} {[%emt 00:00:06]}
48. Nb4 {[%clk 00:01:41]} {[%emt 00:00:13]} f5 {[%clk 00:20:39]} {[%emt
00:00:09]} 49. Kd4 {[%clk 00:02:01]} {[%emt 00:00:09]} Ke7 {[%clk 00:20:52]}
{[%emt 00:00:16]} 50. Ke5 {[%clk 00:02:19]} {[%emt 00:00:12]} Kd7 {[%clk
00:20:34]} {[%emt 00:00:49]} 51. d6 {[%clk 00:02:36]} {[%emt 00:00:13]} Ke8
{[%clk 00:20:55]} {[%emt 00:00:08]} 52. Ke6 {[%clk 00:02:55]} {[%emt 00:00:12]}
Kd8 {[%clk 00:21:18]} {[%emt 00:00:07]} 53. d7 {[%clk 00:03:15]} {[%emt
00:00:10]} g4 {[%clk 00:21:41]} {[%emt 00:00:07]} 54. h4 {[%clk 00:03:27]}
{[%emt 00:00:18]} gxf3 {[%clk 00:21:58]} {[%emt 00:00:13]} 55. gxf3 {[%clk
00:03:45]} {[%emt 00:00:12]} Kc7 {[%clk 00:22:21]} {[%emt 00:00:07]} 56. Ke7
{[%clk 00:04:07]} {[%emt 00:00:08]} Kb6 {[%clk 00:22:44]} {[%emt 00:00:07]} 57.
d8=Q+ {[%clk 00:04:18]} {[%emt 00:00:19]} Kc5 {[%clk 00:23:05]} {[%emt
00:00:09]} 58. Na6+ {[%clk 00:04:04]} {[%emt 00:00:44]} Kc4 {[%clk 00:23:28]}
{[%emt 00:00:06]} 59. Qd2 {[%clk 00:04:23]} {[%emt 00:00:11]} Kb5 {[%clk
00:23:38]} {[%emt 00:00:20]} 60. Qb4+ {[%clk 00:04:03]} {[%emt 00:00:50]} Kc6
{[%clk 00:23:51]} {[%emt 00:00:16]} 61. Nb8+ {[%clk 00:03:25]} {[%emt
00:02:03]} Kd5 {[%clk 00:24:11]} {[%emt 00:00:09]} 62. Qd6+ {[%clk 00:03:33]}
{[%emt 00:00:23]} Kc4 {[%clk 00:24:29]} {[%emt 00:00:12]} 63. h5 {[%clk
00:03:34]} {[%emt 00:00:29]} Kc3 {[%clk 00:24:43]} {[%emt 00:00:14]} 64. h6
{[%clk 00:03:58]} {[%emt 00:00:08]} Kc4 {[%clk 00:24:55]} {[%emt 00:00:16]} 65.
h7 {[%clk 00:04:20]} {[%emt 00:00:09]} Kb3 {[%clk 00:24:57]} {[%emt 00:00:29]}
66. h8=Q {[%clk 00:04:34]} {[%emt 00:00:16]} Kc2 {[%clk 00:25:14]} {[%emt
00:00:12]} 67. Qc5+ {[%clk 00:04:57]} {[%emt 00:00:08]} Kd3 {[%clk 00:25:35]}
{[%emt 00:00:08]} 68. Qhd4+ {[%clk 00:05:12]} {[%emt 00:00:16]} Ke2 {[%clk
00:25:49]} {[%emt 00:00:14]} 69. Qf2+ {[%clk 00:05:27]} {[%emt 00:00:17]} Kd3
{[%clk 00:26:06]} {[%emt 00:00:13]} 70. Qcc2# {[%emt 00:00:08]} 1-0

[Event "DEM U12w 2023"]
[Site "Willingen GER"]
[Date "2023.05.31"]
[Round "6"]
[White "Fruth, Julia"]
[Black "Dhanasekaran Meenambigai, Diya"]
[Result "0-1"]
[Termination "normal"]
[Board "11"]
[WhiteElo "1187"]
[BlackElo "1440"]
[WhiteClock "01:07:06"]
[BlackClock "00:55:10"]
[PlyCount "60"]
[WhiteFideId "34603050"]
[BlackFideId "34611924"]
[EventCountry "GER"]
[EventRounds "9"]
[EventType "swiss"]
[EventDate "2023.05.27"]

1. e4 {[%clk 01:30:57]} {[%emt 00:00:02]} c5 {[%clk 01:30:54]} {[%emt
00:00:07]} 2. Nf3 {[%clk 01:31:19]} {[%emt 00:00:07]} d6 {[%clk 01:31:13]}
{[%emt 00:00:12]} 3. d4 {[%clk 01:31:35]} {[%emt 00:00:13]} cxd4 {[%clk
01:31:25]} {[%emt 00:00:18]} 4. Nxd4 {[%clk 01:31:58]} {[%emt 00:00:07]} Nf6
{[%clk 01:31:29]} {[%emt 00:00:26]} 5. f3 {[%clk 01:32:17]} {[%emt 00:00:12]}
g6 {[%clk 01:31:26]} {[%emt 00:00:33]} 6. c4 {[%clk 01:32:30]} {[%emt
00:00:16]} Nc6 {[%clk 01:30:53]} {[%emt 00:01:03]} 7. Nc2 {[%clk 01:32:51]}
{[%emt 00:00:10]} Bg7 {[%clk 01:29:36]} {[%emt 00:01:46]} 8. Nc3 {[%clk
01:30:39]} {[%emt 00:02:41]} Bd7 {[%clk 01:27:18]} {[%emt 00:02:49]} 9. Be3
{[%clk 01:30:13]} {[%emt 00:00:54]} Rc8 {[%clk 01:25:46]} {[%emt 00:02:04]} 10.
Qd2 {[%clk 01:28:59]} {[%emt 00:01:43]} O-O {[%clk 01:21:53]} {[%emt 00:04:23]}
11. Be2 {[%clk 01:28:18]} {[%emt 00:01:11]} a5 {[%clk 01:17:39]} {[%emt
00:04:45]} 12. a3 {[%clk 01:27:06]} {[%emt 00:01:41]} Ne5 {[%clk 01:10:31]}
{[%emt 00:07:39]} 13. b3 {[%clk 01:26:03]} {[%emt 00:01:33]} a4 {[%clk
01:10:06]} {[%emt 00:00:56]} 14. bxa4 {[%clk 01:21:18]} {[%emt 00:05:14]} Nxc4
{[%clk 01:09:59]} {[%emt 00:00:38]} 15. Bxc4 {[%clk 01:20:57]} {[%emt
00:00:50]} Rxc4 {[%clk 01:10:11]} {[%emt 00:00:18]} 16. Qd3 {[%clk 01:20:06]}
{[%emt 00:01:19]} Qc7 {[%clk 01:08:35]} {[%emt 00:02:08]} 17. Bd2 {[%clk
01:18:35]} {[%emt 00:01:59]} Nh5 {[%clk 01:06:38]} {[%emt 00:02:29]} 18. O-O
{[%clk 01:17:09]} {[%emt 00:01:56]} Bxc3 {[%clk 01:06:00]} {[%emt 00:01:07]}
19. Ne3 {[%clk 01:15:13]} {[%emt 00:02:26]} Bxa1 {[%clk 01:03:00]} {[%emt
00:03:32]} 20. Nxc4 {[%clk 01:15:01]} {[%emt 00:00:41]} Bg7 {[%clk 01:02:53]}
{[%emt 00:00:36]} 21. Rc1 {[%clk 01:14:53]} {[%emt 00:00:38]} Bxa4 {[%clk
00:59:26]} {[%emt 00:03:58]} 22. Be3 {[%clk 01:12:43]} {[%emt 00:02:39]} Bc6
{[%clk 00:56:10]} {[%emt 00:03:46]} 23. Bb6 {[%clk 01:12:04]} {[%emt 00:01:09]}
Qd7 {[%clk 00:54:53]} {[%emt 00:01:49]} 24. Rb1 {[%clk 01:09:47]} {[%emt
00:02:39]} Bb5 {[%clk 00:54:24]} {[%emt 00:01:06]} 25. Qb3 {[%clk 01:09:36]}
{[%emt 00:00:39]} Bxc4 {[%clk 00:54:30]} {[%emt 00:00:27]} 26. Qxc4 {[%clk
01:09:36]} {[%emt 00:00:29]} Rc8 {[%clk 00:54:38]} {[%emt 00:00:22]} 27. Qd3
{[%clk 01:09:02]} {[%emt 00:01:03]} Nf4 {[%clk 00:54:27]} {[%emt 00:00:42]} 28.
Qe3 {[%clk 01:08:00]} {[%emt 00:01:31]} Ne6 {[%clk 00:54:42]} {[%emt 00:00:16]}
29. g3 {[%clk 01:07:11]} {[%emt 00:01:16]} Rc6 {[%clk 00:55:00]} {[%emt
00:00:14]} 30. Qb3 {[%clk 01:07:06]} {[%emt 00:00:34]} Rxb6 {[%clk 00:55:10]}
{[%emt 00:00:22]} 0-1

[Event "DEM U12w 2023"]
[Site "Willingen GER"]
[Date "2023.05.31"]
[Round "6"]
[White "Malagatte, Samiksha"]
[Black "Tu, Audrey"]
[Result "1/2-1/2"]
[Termination "normal"]
[Board "13"]
[WhiteElo "1214"]
[BlackElo "1313"]
[WhiteClock "00:40:46"]
[BlackClock "00:12:24"]
[PlyCount "139"]
[WhiteFideId "34633790"]
[BlackFideId "34628568"]
[EventCountry "GER"]
[EventRounds "9"]
[EventType "swiss"]
[EventDate "2023.05.27"]

1. e4 {[%clk 01:30:57]} {[%emt 00:00:02]} e5 {[%clk 01:30:57]} {[%emt
00:00:04]} 2. Nf3 {[%clk 01:31:20]} {[%emt 00:00:07]} Nc6 {[%clk 01:31:23]}
{[%emt 00:00:05]} 3. d4 {[%clk 01:31:40]} {[%emt 00:00:09]} exd4 {[%clk
01:31:45]} {[%emt 00:00:08]} 4. Nxd4 {[%clk 01:32:00]} {[%emt 00:00:10]} Nf6
{[%clk 01:32:10]} {[%emt 00:00:05]} 5. Nxc6 {[%clk 01:32:15]} {[%emt 00:00:15]}
bxc6 {[%clk 01:32:36]} {[%emt 00:00:05]} 6. Nd2 {[%clk 01:32:26]} {[%emt
00:00:18]} d5 {[%clk 01:32:00]} {[%emt 00:01:06]} 7. exd5 {[%clk 01:32:48]}
{[%emt 00:00:07]} cxd5 {[%clk 01:32:17]} {[%emt 00:00:14]} 8. Bb5+ {[%clk
01:32:59]} {[%emt 00:00:18]} Bd7 {[%clk 01:30:52]} {[%emt 00:01:56]} 9. Bxd7+
{[%clk 01:33:13]} {[%emt 00:00:15]} Qxd7 {[%clk 01:30:51]} {[%emt 00:00:31]}
10. O-O {[%clk 01:33:24]} {[%emt 00:00:19]} Be7 {[%clk 01:29:56]} {[%emt
00:01:25]} 11. h3 {[%clk 01:29:11]} {[%emt 00:04:43]} O-O {[%clk 01:28:54]}
{[%emt 00:01:32]} 12. b3 {[%clk 01:27:14]} {[%emt 00:02:27]} a5 {[%clk
01:21:31]} {[%emt 00:07:53]} 13. Bb2 {[%clk 01:21:20]} {[%emt 00:06:24]} a4
{[%clk 01:05:04]} {[%emt 00:16:57]} 14. Nf3 {[%clk 01:19:02]} {[%emt 00:02:46]}
Rfe8 {[%clk 00:51:09]} {[%emt 00:14:26]} 15. Qd3 {[%clk 01:15:30]} {[%emt
00:04:02]} h6 {[%clk 00:47:19]} {[%emt 00:04:20]} 16. Rad1 {[%clk 01:10:06]}
{[%emt 00:05:54]} c6 {[%clk 00:45:15]} {[%emt 00:02:34]} 17. Rfe1 {[%clk
01:00:14]} {[%emt 00:10:22]} axb3 {[%clk 00:43:08]} {[%emt 00:02:37]} 18. axb3
{[%clk 00:57:26]} {[%emt 00:03:18]} Nh5 {[%clk 00:40:04]} {[%emt 00:03:34]} 19.
c4 {[%emt 00:16:04]} Rad8 {[%clk 00:32:20]} 20. Re3 {[%clk 00:43:24]} {[%emt
00:07:11]} Nf4 {[%clk 00:28:56]} {[%emt 00:03:56]} 21. Qd4 {[%clk 00:36:34]}
{[%emt 00:07:18]} Bf6 {[%clk 00:26:13]} {[%emt 00:03:14]} 22. Qxf4 {[%clk
00:35:55]} {[%emt 00:01:08]} Bxb2 {[%clk 00:26:22]} {[%emt 00:00:21]} 23. cxd5
{[%clk 00:32:47]} {[%emt 00:03:38]} cxd5 {[%clk 00:24:06]} {[%emt 00:02:46]}
24. Rxe8+ {[%clk 00:30:50]} {[%emt 00:02:28]} Qxe8 {[%clk 00:23:32]} {[%emt
00:01:03]} 25. Rb1 {[%clk 00:26:16]} {[%emt 00:05:05]} Bc3 {[%clk 00:21:44]}
{[%emt 00:02:17]} 26. Nd4 {[%clk 00:23:19]} {[%emt 00:03:27]} g5 {[%clk
00:18:25]} {[%emt 00:03:50]} 27. Qg4 {[%clk 00:20:38]} {[%emt 00:03:10]} Bxd4
{[%clk 00:17:38]} {[%emt 00:01:17]} 28. Qxd4 {[%clk 00:20:52]} {[%emt
00:00:16]} Qe4 {[%clk 00:16:51]} {[%emt 00:01:17]} 29. Qxe4 {[%clk 00:21:04]}
{[%emt 00:00:19]} dxe4 {[%clk 00:17:19]} {[%emt 00:00:02]} 30. b4 {[%clk
00:21:18]} {[%emt 00:00:16]} Kf8 {[%clk 00:14:20]} {[%emt 00:03:29]} 31. Kf1
{[%clk 00:19:49]} {[%emt 00:01:58]} Ke7 {[%clk 00:13:58]} {[%emt 00:00:52]} 32.
Ke2 {[%clk 00:18:56]} {[%emt 00:01:23]} Rd3 {[%clk 00:10:23]} {[%emt 00:04:06]}
33. b5 {[%clk 00:18:44]} {[%emt 00:00:41]} Kd7 {[%clk 00:09:59]} {[%emt
00:00:55]} 34. b6 {[%clk 00:18:59]} {[%emt 00:00:16]} Kc8 {[%clk 00:10:12]}
{[%emt 00:00:16]} 35. Rc1+ {[%clk 00:18:38]} {[%emt 00:00:51]} Kb7 {[%clk
00:06:52]} {[%emt 00:03:51]} 36. Rc7+ {[%clk 00:18:57]} {[%emt 00:00:10]} Kxb6
{[%clk 00:07:17]} {[%emt 00:00:05]} 37. Rxf7 {[%clk 00:19:15]} {[%emt
00:00:11]} Kc5 {[%clk 00:04:07]} {[%emt 00:03:41]} 38. Rh7 {[%clk 00:18:34]}
{[%emt 00:01:11]} Rd6 {[%clk 00:03:54]} {[%emt 00:00:44]} 39. Re7 {[%clk
00:18:36]} {[%emt 00:00:27]} Kd4 {[%clk 00:03:28]} {[%emt 00:00:56]} 40. Rg7
{[%clk 00:17:34]} {[%emt 00:01:32]} Ke5 {[%clk 00:01:03]} {[%emt 00:02:55]} 41.
f3 {[%clk 00:16:34]} {[%emt 00:01:51]} exf3+ {[%clk 00:28:39]} {[%emt
00:03:03]} 42. Kxf3 {[%clk 00:46:54]} {[%emt 00:00:10]} Kf5 {[%clk 00:27:05]}
{[%emt 00:02:55]} 43. Ra7 {[%clk 00:43:28]} {[%emt 00:03:57]} Re6 {[%clk
00:24:01]} {[%emt 00:03:33]} 44. Rf7+ {[%clk 00:42:41]} {[%emt 00:01:17]} Rf6
{[%clk 00:23:16]} {[%emt 00:01:15]} 45. Rxf6+ {[%clk 00:43:04]} {[%emt
00:00:07]} Kxf6 {[%clk 00:23:45]} {[%emt 00:00:01]} 46. Kg4 {[%clk 00:43:10]}
{[%emt 00:00:23]} Kg6 {[%clk 00:24:05]} {[%emt 00:00:11]} 47. g3 {[%clk
00:42:32]} {[%emt 00:01:09]} h5+ {[%clk 00:23:30]} {[%emt 00:01:05]} 48. Kf3
{[%clk 00:42:06]} {[%emt 00:00:56]} Kf5 {[%clk 00:15:09]} {[%emt 00:08:51]} 49.
g4+ {[%clk 00:41:22]} {[%emt 00:01:15]} hxg4+ {[%clk 00:15:03]} {[%emt
00:00:35]} 50. hxg4+ {[%clk 00:41:46]} {[%emt 00:00:06]} Ke5 {[%clk 00:15:25]}
{[%emt 00:00:08]} 51. Ke3 {[%clk 00:41:36]} {[%emt 00:00:40]} Kd5 {[%clk
00:15:33]} {[%emt 00:00:22]} 52. Kd3 {[%clk 00:40:32]} {[%emt 00:01:35]} Ke5
{[%clk 00:15:45]} {[%emt 00:00:19]} 53. Ke3 {[%clk 00:40:53]} {[%emt 00:00:07]}
Kd5 {[%clk 00:16:02]} {[%emt 00:00:13]} 54. Kf3 {[%clk 00:41:12]} {[%emt
00:00:11]} Kd4 {[%clk 00:15:22]} {[%emt 00:01:11]} 55. Kf2 {[%clk 00:39:19]}
{[%emt 00:02:21]} Ke4 {[%clk 00:15:26]} {[%emt 00:00:28]} 56. Kg3 {[%clk
00:39:44]} {[%emt 00:00:04]} Ke3 {[%clk 00:15:21]} {[%emt 00:00:36]} 57. Kh3
{[%clk 00:39:33]} {[%emt 00:00:40]} Kf3 {[%clk 00:15:46]} {[%emt 00:00:05]} 58.
Kh2 {[%clk 00:39:52]} {[%emt 00:00:11]} Kxg4 {[%clk 00:16:11]} {[%emt
00:00:06]} 59. Kg2 {[%clk 00:40:15]} {[%emt 00:00:06]} Kh4 {[%clk 00:16:10]}
{[%emt 00:00:32]} 60. Kh2 {[%clk 00:39:19]} {[%emt 00:01:26]} Kg4 {[%clk
00:14:36]} {[%emt 00:02:04]} 61. Kg2 {[%clk 00:39:30]} {[%emt 00:00:19]} Kh4
{[%clk 00:14:57]} {[%emt 00:00:09]} 62. Kh2 {[%clk 00:39:52]} {[%emt 00:00:08]}
g4 {[%clk 00:15:21]} {[%emt 00:00:06]} 63. Kg2 {[%clk 00:39:55]} {[%emt
00:00:27]} g3 {[%clk 00:15:12]} {[%emt 00:00:39]} 64. Kg1 {[%clk 00:39:49]}
{[%emt 00:00:35]} Kh3 {[%clk 00:13:45]} {[%emt 00:01:58]} 65. Kh1 {[%clk
00:40:09]} {[%emt 00:00:10]} Kh4 {[%clk 00:13:24]} {[%emt 00:00:52]} 66. Kg2
{[%clk 00:40:21]} {[%emt 00:00:17]} Kg4 {[%clk 00:13:48]} {[%emt 00:00:05]} 67.
Kg1 {[%clk 00:40:37]} {[%emt 00:00:14]} Kf3 {[%clk 00:13:25]} {[%emt 00:00:54]}
68. Kf1 {[%clk 00:40:59]} {[%emt 00:00:08]} Kg4 {[%clk 00:12:17]} {[%emt
00:01:39]} 69. Kg2 {[%clk 00:40:29]} {[%emt 00:01:00]} Kf4 {[%clk 00:12:24]}
{[%emt 00:00:23]} 70. Kg1 {[%clk 00:40:46]} {[%emt 00:00:12]} 1/2-1/2

[Event "DEM U12w 2023"]
[Site "Willingen GER"]
[Date "2023.05.31"]
[Round "6"]
[White "Rutschmann, Polly"]
[Black "Weyerer, Elea"]
[Result "0-1"]
[Termination "normal"]
[Board "14"]
[WhiteElo "1023"]
[BlackElo "1408"]
[WhiteClock "00:00:34"]
[BlackClock "00:32:31"]
[PlyCount "82"]
[WhiteFideId "34621261"]
[BlackFideId "34605770"]
[EventCountry "GER"]
[EventRounds "9"]
[EventType "swiss"]
[EventDate "2023.05.27"]

1. e4 {[%clk 01:30:55]} {[%emt 00:00:03]} e6 {[%clk 01:30:52]} {[%emt
00:00:08]} 2. d4 {[%clk 01:30:54]} {[%emt 00:00:32]} d5 {[%clk 01:31:14]}
{[%emt 00:00:08]} 3. exd5 {[%clk 01:30:54]} {[%emt 00:00:29]} exd5 {[%clk
01:31:36]} {[%emt 00:00:08]} 4. Bd3 {[%clk 01:29:57]} {[%emt 00:01:27]} Nc6
{[%clk 01:31:41]} {[%emt 00:00:26]} 5. Nf3 {[%clk 01:29:51]} {[%emt 00:00:36]}
Bg4 {[%clk 01:31:22]} {[%emt 00:00:50]} 6. c3 {[%clk 01:25:18]} {[%emt
00:05:02]} Bd6 {[%clk 01:29:57]} {[%emt 00:01:55]} 7. Nbd2 {[%clk 01:14:00]}
{[%emt 00:11:44]} Nge7 {[%clk 01:25:00]} {[%emt 00:05:31]} 8. O-O {[%clk
01:09:32]} {[%emt 00:04:58]} Qd7 {[%clk 01:20:02]} {[%emt 00:05:29]} 9. Re1
{[%clk 00:55:40]} {[%emt 00:14:13]} O-O-O {[%clk 01:18:32]} {[%emt 00:02:09]}
10. Qc2 {[%clk 00:40:00]} {[%emt 00:16:08]} Rde8 {[%clk 01:15:30]} {[%emt
00:03:34]} 11. Ng5 {[%clk 00:32:58]} {[%emt 00:07:32]} f6 {[%clk 01:12:03]}
{[%emt 00:03:54]} 12. Nf7 {[%clk 00:30:53]} {[%emt 00:02:38]} Rhf8 {[%clk
01:09:43]} {[%emt 00:02:41]} 13. Nxd6+ {[%clk 00:29:14]} {[%emt 00:02:08]} Qxd6
{[%clk 01:08:46]} {[%emt 00:01:37]} 14. Bxh7 {[%clk 00:27:02]} {[%emt
00:02:41]} f5 {[%clk 01:00:13]} {[%emt 00:09:05]} 15. f3 {[%clk 00:22:50]}
{[%emt 00:04:40]} Bh5 {[%clk 00:59:27]} {[%emt 00:01:12]} 16. g4 {[%clk
00:19:59]} {[%emt 00:03:26]} fxg4 {[%clk 00:59:00]} {[%emt 00:00:58]} 17. fxg4
{[%clk 00:20:13]} {[%emt 00:00:16]} Bxg4 {[%clk 00:58:50]} {[%emt 00:00:39]}
18. Bd3 {[%clk 00:14:43]} {[%emt 00:06:00]} Rh8 {[%clk 00:54:03]} {[%emt
00:05:15]} 19. Nf1 {[%clk 00:11:24]} {[%emt 00:03:52]} Ref8 {[%clk 00:52:15]}
{[%emt 00:02:18]} 20. Bg5 {[%clk 00:06:56]} {[%emt 00:04:55]} Rh5 {[%clk
00:46:29]} {[%emt 00:06:13]} 21. Bxe7 {[%clk 00:03:34]} {[%emt 00:03:55]} Nxe7
{[%clk 00:46:19]} {[%emt 00:00:44]} 22. Ng3 {[%clk 00:02:16]} {[%emt 00:01:43]}
Rhh8 {[%clk 00:46:05]} {[%emt 00:00:50]} 23. Re3 {[%clk 00:01:00]} {[%emt
00:01:43]} g6 {[%clk 00:44:13]} {[%emt 00:02:23]} 24. Rae1 {[%clk 00:00:46]}
{[%emt 00:00:43]} Nf5 {[%clk 00:43:02]} {[%emt 00:01:43]} 25. Bxf5+ {[%clk
00:00:47]} {[%emt 00:00:28]} Bxf5 {[%clk 00:42:05]} {[%emt 00:01:28]} 26. Nxf5
{[%clk 00:00:40]} {[%emt 00:00:37]} gxf5 {[%clk 00:40:51]} {[%emt 00:01:44]}
27. Rf1 {[%clk 00:00:37]} {[%emt 00:00:33]} Rfg8+ {[%clk 00:40:10]} {[%emt
00:01:08]} 28. Kh1 {[%clk 00:00:44]} {[%emt 00:00:24]} Rg5 {[%clk 00:37:38]}
{[%emt 00:03:03]} 29. Ref3 {[%clk 00:00:43]} {[%emt 00:00:31]} Rgh5 {[%clk
00:36:44]} {[%emt 00:01:25]} 30. R1f2 {[%clk 00:00:57]} {[%emt 00:00:16]} Qe6
{[%clk 00:33:31]} {[%emt 00:03:43]} 31. Kg1 {[%clk 00:00:32]} {[%emt 00:00:55]}
Qe1+ {[%clk 00:32:10]} {[%emt 00:01:51]} 32. Kg2 {[%clk 00:00:42]} {[%emt
00:00:19]} Rg5+ {[%clk 00:31:15]} {[%emt 00:01:26]} 33. Rg3 {[%clk 00:00:50]}
{[%emt 00:00:22]} Rxg3+ {[%clk 00:31:12]} {[%emt 00:00:33]} 34. Kxg3 {[%clk
00:01:08]} {[%emt 00:00:12]} Qe3+ {[%clk 00:31:08]} {[%emt 00:00:29]} 35. Rf3
{[%clk 00:01:25]} {[%emt 00:00:17]} Qg5+ {[%clk 00:31:21]} {[%emt 00:00:14]}
36. Kf2 {[%clk 00:01:18]} {[%emt 00:00:39]} Rxh2+ {[%clk 00:31:45]} {[%emt
00:00:07]} 37. Kf1 {[%clk 00:01:28]} {[%emt 00:00:21]} Rxc2 {[%clk 00:31:56]}
{[%emt 00:00:18]} 38. Rf2 {[%clk 00:00:31]} {[%emt 00:01:26]} Rxf2+ {[%clk
00:32:06]} {[%emt 00:00:22]} 39. Kxf2 {[%clk 00:00:48]} {[%emt 00:00:13]} f4
{[%clk 00:32:05]} {[%emt 00:00:32]} 40. Kf3 {[%clk 00:00:31]} {[%emt 00:00:45]}
Qg3+ {[%clk 00:32:19]} {[%emt 00:00:16]} 41. Ke2 {[%clk 00:00:34]} {[%emt
00:00:28]} f3+ {[%clk 00:32:31]} {[%emt 00:00:18]} 0-1